000 00729nam a2200253Ia 4500
003 OSt
005 20221002050618.0
006 a|||||r|||| 00| 0
007 ta
008 220930b |||||||| |||| 00| 0 eng d
024 _a16697
037 _cReference Collections
040 _aCRL
_cCRL
_beng
041 _2eng
_aeng
082 _aw4,N7, M3(RR)
100 _aBullock Alan ed.
245 0 _aFontana biographical companion to modern thought
260 _aLondon
_bWilliam Collins
_c1983
300 _axxv, 867p.
_ccm.
650 _aBIOGRAPHY
700 _a Wooding R.B. ed.
_9571508
942 _hw4,N7, M3(RR)
_cref
_2CC
999 _c915019
_d915019